| 000 | 01134cam a22003137a 4500 | ||
|---|---|---|---|
| 001 | 15059864 | ||
| 005 | 20071126152420.0 | ||
| 008 | 071026s2007 au a 000 0 eng | ||
| 010 | _a 2007299836 | ||
| 015 |
_aGBA758613 _2bnb |
||
| 016 | 7 |
_a013801018 _2Uk |
|
| 020 | _a3211730958 (hbk.) | ||
| 020 | _a9783211730959 (hbk.) | ||
| 035 | _a(OCoLC)ocn159700637 | ||
| 040 |
_aUKM _cUKM _dBTCTA _dBAKER _dYDXCP _dDLC |
||
| 042 | _alccopycat | ||
| 050 | 0 | 0 |
_aTH7687.9 _b.S633 2007 |
| 082 | 0 | 4 |
_a697.93 _222 _bSOL |
| 245 | 0 | 0 |
_aSolar-Assisted Air Conditioning in Buildings : _bA Handbook for Planners / _cedited by Hans-Martin Henning. |
| 250 | _a2nd rev. ed. | ||
| 260 |
_aWien ; _aLondon : _bSpringer, 2007 _c2007. |
||
| 300 |
_axiv, 136, 14 p. : _bill. ; _c31 cm. |
||
| 650 | 0 |
_aSolar air conditioning. _923084 |
|
| 653 |
_bCiv _bArch _cApril2011 |
||
| 700 | 1 |
_aHenning, Hans-Martin. _923085 |
|
| 942 |
_2ddc _cBB |
||
| 999 |
_c15117 _d15117 |
||